Top 5 Tennis Grand Slam Argentine Men's Players in Open Era - Statistics

General Stats
  • This quiz has been taken 79 times
  • The average score is 4 of 5
Answer Stats
# Player Best Performance Points % Correct
2 Juan Martín del Potro Win (1) 40
97%
1 Guillermo Vilas Win (4) 74
73%
5 Diego Schwartzman Semifinals 15
70%
3 David Nalbandian Final 30
67%
4 Guillermo Coria Final 15
64%
No matching quizzes found
Score Distribution
Percent of People with Each Score
Percentile by Number Answered
Your Score History
You have not taken this quiz